Statistics for Pitchfork 10s

Click here to take the quiz!

General Stats

  • This quiz has been taken 65 times
  • The average score is 45 of 115

Answer Stats

HintAnswer% Correct
The BeatlesAbbey Road
94%
Kanye WestMy Beautiful Dark Twisted Fantasy
88%
The BeatlesRevolver
88%
RadioheadOK Computer
86%
RadioheadKid A
82%
The Velvet UndergroundThe Velvet Underground & Nico
80%
Joni MitchellBlue
78%
The BeatlesRubber Soul
76%
Prince & the RevolutionPurple Rain
71%
WeezerWeezer
71%
Neutral Milk HotelIn the Aeroplane Over the Sea
67%
The ClashLondon Calling
67%
My Bloody ValentineLoveless
67%
WilcoYankee Hotel Foxtrot
67%
Miles DavisKind of Blue
65%
Fleetwood MacRumours
65%
The BeatlesSgt. Pepper's Lonely Hearts Club Band
65%
Fiona AppleFetch the Bolt Cutters
63%
The BeatlesThe Beatles
63%
Joy DivisionUnknown Pleasures
63%
Joy DivisionCloser
61%
The ReplacementsLet it Be
59%
Talking HeadsRemain in Light
59%
Pink FloydAnimals
57%
PixiesDoolittle
57%
Led ZeppelinLed Zeppelin II
57%
David BowieLow
57%
Nick DrakePink Moon
57%
Dr. DreThe Chronic
57%
Kate BushHounds of Love
55%
NasIllmatic
55%
The BeatlesMagical Mystery Tour
55%
The SmithsThe Queen is Dead
55%
MetallicaMaster of Puppets
53%
Steely DanAja
51%
TelevisionMarquee Moon
51%
SlintSpiderland
51%
Prince1999
49%
Cocteau TwinsHeaven or Las Vegas
49%
David BowieHeroes
49%
Michael JacksonOff the Wall
49%
Stevie WonderSongs in the Key of Life
49%
Guns N' RosesAppetite for Destruction
47%
The Notorious B.I.G.Ready to Die
47%
Bob DylanBlood on the Tracks
45%
DJ ShadowEndtroducing...
45%
Led ZeppelinPhysical Graffiti
45%
BjorkPost
45%
The Stone RosesThe Stone Roses
45%
Captain Beefheart and His Magic BandTrout Mask Replica
45%
WirePink Flag
43%
MetallicaRide the Lightning
43%
PixiesSurfer Rosa
43%
Carole KingTapestry
43%
The Flaming LipsThe Soft Bulletin
43%
D'AngeloVoodoo
43%
Van MorrisonAstral Weeks
41%
BjorkHomogenic
41%
FunkadelicMaggot Brain
41%
Beastie BoysPaul's Boutique
41%
David BowieHunky Dory
39%
The BandThe Band
39%
Public EnemyIt Takes a Nation of Millions to Hold Us Back
37%
PrinceSign O' the Times
37%
David BowieThe Rise and Fall of Ziggy Stardust and the Spiders From Mars
37%
Neil YoungAfter the Gold Rush
35%
The Rolling StonesSticky Fingers
35%
Modest MouseThe Lonesome Crowded West
35%
De La Soul3 Feet High and Rising
31%
Talking HeadsFear of Music
31%
Herbie HancockHead Hunters
31%
HoleLive Through This
31%
Boards of CanadaMusic Has the Right to Children
31%
Miles DavisSketches of Spain
31%
Brian EnoAnother Green World
29%
Public EnemyFear of a Black Planet
29%
My Bloody ValentineIsn't Anything
24%
Ghostface KillahSupreme Clientele
24%
The Grateful DeadAmerican Beauty
22%
Bruce SpringsteenNebraska
22%
The StoogesRaw Power
22%
Talk TalkLaughing Stock
20%
CanTago Mago
18%
Mobb DeepThe Infamous
18%
PrinceDirty Mind
16%
12 RodsGay?
16%
PJ HarveyRid of Me
16%
Glenn BrancaThe Ascension
16%
Elvis Costello & the AttractionsThis Year's Model
16%
Alice ColtraneJourney in Satchidananda
14%
Galaxie 500On Fire
14%
A Tribe Called QuestPeople's Instinctive Travels and the Paths of Rhythm
14%
Public Image Ltd.Public Image Ltd.
14%
...And You Will Know Us By the Trail of DeadSource Tags & Codes
14%
Talk TalkSpirit of Eden
14%
WireChairs Missing
12%
Bonnie "Prince" BillyI See a Darkness
12%
Neil YoungTonight's the Night
12%
Joni MitchellCourt and Spark
10%
Neil Young & Crazy HorseEverybody Knows This Is Nowhere
10%
Aphex TwinSelected Ambient Works Volume II
10%
The FallThis Nation's Saving Grace
10%
Throbbing Gristle20 Jazz Funk Greats
8%
Glenn GouldBach: the Goldberg Variations
8%
Brian EnoBefore and After Science
6%
Amon TobinBricolage
6%
Phillip GlassEinstein on the Beach
6%
Walt MinkEl Producto
6%
Liquid LiquidOptimo
6%
XTCEnglish Settlement
4%
X-Ray SpexGerm Free Adolescents
4%
Serge GainsbourgHistoire de Melody Nelson
4%
Steve ReichMusic for 18 Musicians
4%
Brian EnoTaking Tiger Mountain
4%
Joni MitchellThe Hissing of Summer Lawns
4%

Score Distribution

Percentile by Number Answered

Percent of People with Each Score

Your Score History

You have not taken this quiz